00299nam a2200121Ia 4500008004100000100002200041245002600063260004300089300000900132650001400141942000700155999001500162190216s9999||||xx |||||||||||||| ||und|| aChakrabarthy. D.K 0aSolid State Chemistry bNew Age International Publishersc2002 a259p aChemistry cBK c3137d3137